| 000 -LEADER |
| fixed length control field |
00365 a2200133 4500 |
| 005 - DATE AND TIME OF LATEST TRANSACTION |
| control field |
20240117112054.0 |
| 008 - FIXED-LENGTH DATA ELEMENTS--GENERAL INFORMATION |
| fixed length control field |
240117b ||||| |||| 00| 0 eng d |
| 020 ## - INTERNATIONAL STANDARD BOOK NUMBER |
| International Standard Book Number |
9780648685890 |
| 100 ## - MAIN ENTRY--PERSONAL NAME |
| Personal name |
Scott Woods |
| Dates associated with a name |
1953- |
| 245 ## - TITLE STATEMENT |
| Title |
What we talk about when we talk about architecture |
| 260 ## - PUBLICATION, DISTRIBUTION, ETC. (IMPRINT) |
| Name of publisher, distributor, etc |
Uro Publications |
| Date of publication, distribution, etc |
2021 |
| 700 ## - ADDED ENTRY--PERSONAL NAME |
| Personal name |
Ghirardo, Diane |
| 942 ## - ADDED ENTRY ELEMENTS (KOHA) |
| Source of classification or shelving scheme |
|